Gaming Quiz

Random Gaming or Pokémon Quiz

Water 1 egg group Pokémon Quiz Stats

 Plays Quiz not verified by Sporcle

Challenge
Share
Tweet
Embed
Score 0/95 Timer 14:00
0 Plays Today
Generation Pokémon % Correct
1Squirtle
100%
1Blastoise
100%
1Psyduck
100%
1Poliwhirl
100%
3Mudkip
100%
6Froakie
100%
6Frogadier
100%
6Greninja
100%
6Clauncher
100%
7Popplio
100%
7Brionne
100%
7Primarina
100%
7Toxapex
100%
7Araquanid
100%
1Wartortle
97.6%
1Poliwag
97.6%
1Poliwrath
97.6%
1Golduck
97.6%
1Horsea
97.6%
1Lapras
97.6%
1Omanyte
97.6%
1Omastar
97.6%
1Kabuto
97.6%
1Kabutops
97.6%
2Totodile
97.6%
2Croconaw
97.6%
2Feraligatr
97.6%
3Swampert
97.6%
3Marshtomp
97.6%
1Slowpoke
95.2%
1Slowbro
95.2%
1Seadra
95.2%
Generation Pokémon % Correct
2Mantine
95.2%
2Kingdra
95.2%
3Surskit
95.2%
4Piplup
95.2%
4Prinplup
95.2%
4Empoleon
95.2%
1Seel
92.9%
1Dewgong
92.9%
1Dratini
92.9%
1Dragonair
92.9%
1Dragonite
92.9%
2Politoed
92.9%
2Slowking
92.9%
3Lombre
92.9%
3Clamperl
92.9%
3Huntail
92.9%
5Tympole
92.9%
5Seismitoad
92.9%
5Palpitoad
92.9%
6Clawitzer
92.9%
3Lotad
90.5%
3Ludicolo
90.5%
3Feebas
90.5%
3Spheal
90.5%
3Milotic
90.5%
3Walrein
90.5%
3Gorebyss
90.5%
4Shellos
90.5%
4Gastrodon
90.5%
2Wooper
88.1%
2Marill
88.1%
2Remoraid
88.1%
Generation Pokémon % Correct
2Octillery
88.1%
2Delibird
88.1%
3Wingull
88.1%
3Pelipper
88.1%
3Masquerain
88.1%
3Sealeo
88.1%
3Relicanth
88.1%
5Carracosta
88.1%
5Tirtouga
88.1%
2Quagsire
85.7%
2Azumarill
85.7%
2Corsola
85.7%
4Buizel
83.3%
4Phione
83.3%
4Manaphy
83.3%
5Ducklett
83.3%
5Swanna
83.3%
4Floatzel
81%
5Alomomola
78.6%
6Inkay
78.6%
6Malamar
78.6%
6Skrelp
78.6%
6Dragalge
78.6%
4Bidoof
76.2%
4Bibarel
76.2%
3Corphish
71.4%
3Crawdaunt
71.4%
5Stunfisk
71.4%
7Mareanie
66.7%
7Dewpider
66.7%
7Pyukumuku
66.7%

You're not logged in!

Compare scores with friends on all Sporcle quizzes.
Join for Free
OR
Log In

You Might Also Like...

Show Comments

Extras

Top Quizzes Today


Score Distribution

Your Account Isn't Verified!

In order to create a playlist on Sporcle, you need to verify the email address you used during registration. Go to your Sporcle Settings to finish the process.

Report this User

Report this user for behavior that violates our Community Guidelines.

Details: